[Event "Rubinstein mem"]
[Site "Polanica Zdroj"]
[Date "1995.??.??"]
[Round "2"]
[White "Krasenkow, Michal"]
[Black "De Firmian, Nick E"]
[Result "1-0"]
[WhiteElo "2590"]
[BlackElo "2605"]

1.d4 Nf6 2.c4 e6 3.Nf3 c5 4.d5 exd5 5.cxd5 d6 6.Nc3 g6 7.h3 Bg7 8.e4 O-O
9.Bd3 b5 10.Nxb5 Re8 11.O-O Nxe4 12.Re1 a6 13.Qa4 Bd7 14.Qa3 Qb6 15.Nc3 Nxc3
16.Rxe8+ Bxe8 17.bxc3 Nd7 18.Bf4 Qc7 19.Rb1 Nb6 20.c4 a5 21.Ng5 Nd7 22.Bf1 Ne5
23.Nf3 Nxf3+ 24.Qxf3 Rb8 25.Re1 Bd7 26.Qg3 Bf8 27.Bd3 Re8 28.Rf1 Ba4 29.h4 Qe7
30.Bg5 Qc7 31.h5 Bg7 32.Bf4 Bf8 33.h6 Qe7 34.Bg5 f6 35.Bd2 Kf7 36.Rb1 Qc7
37.Bc3 Rb8 38.Rf1 Bd7 39.Qh4 Qd8 40.g4 f5 41.g5 a4 42.f4 Be7 43.Qg3 Qc8 44.Qe1 Qa6
45.Ba1 Rg8 46.Qc3 Bd8 47.Rb1 Be7 48.Kf2 Qa7 49.Ke2 Qa6 50.Qb2 Qa7 51.Qb7 Ra8
52.Qb2 Rg8 53.Kd1 Qc7 54.Qb7 Rc8 55.Bc2 Qxb7 56.Rxb7 Ke8 57.Ra7 Bd8 58.Bxa4 Bxa4+
59.Rxa4 Bb6 60.Ra6 Rb8 61.a4 Kd7 62.a5 Bc7 63.Bc3 Kc8 64.Rc6 Kd7 65.Kc2 Kc8
66.a6 Kd7 67.a7 Ra8 68.Ra6 Kc8 69.Ra1 Bd8 70.Bf6 Kb7 71.Re1  1-0

[Event "Rubinstein mem"]
[Site "Polanica Zdroj"]
[Date "1995.??.??"]
[Round "3"]
[White "De Firmian, Nick E"]
[Black "Ftacnik, Lubomir"]
[Result "1/2-1/2"]
[WhiteElo "2605"]
[BlackElo "2580"]

1.e4 c5 2.Nf3 d6 3.d4 cxd4 4.Nxd4 Nf6 5.Nc3 a6 6.Bc4 e6 7.O-O b5 8.Bb3 Be7
9.Be3 Bd7 10.f4 Nc6 11.f5 Qc8 12.Qf3 Nxd4 13.Bxd4 O-O 14.a3  1/2-1/2

[Event "Rubinstein mem"]
[Site "Polanica Zdroj"]
[Date "1995.??.??"]
[Round "5"]
[White "De Firmian, Nick E"]
[Black "Sosonko, Gennadi"]
[Result "1/2-1/2"]
[WhiteElo "2605"]
[BlackElo "2525"]

1.e4 c5 2.Nf3 d6 3.d4 cxd4 4.Nxd4 Nf6 5.Nc3 Nc6 6.Bc4 e6 7.Be3 Be7 8.Bb3 O-O
9.Qe2 Qa5 10.O-O Nxd4 11.Bxd4 b6 12.a4 Bb7 13.Rfe1 Qg5 14.Be3 Qg6 15.f3 d5
16.exd5 Nxd5 17.Nxd5 Bxd5 18.Bxd5 exd5 19.c3 Bc5 20.Bxc5 bxc5 21.Rad1 Rad8
22.Rd2 Rd7 23.Qb5 Qd6 24.Rde2 g6 25.Re5 Kg7 26.f4 Rc8 27.h3 d4 28.Qc4 dxc3
29.bxc3 Qd3 30.Qxd3 Rxd3 31.R1e3 Rxe3 32.Rxe3 Rb8 33.Re7 Rb3 34.Rxa7 Rxc3
35.a5 Ra3 36.a6 Ra2 37.Rc7  1/2-1/2

[Event "Rubinstein mem"]
[Site "Polanica Zdroj"]
[Date "1995.??.??"]
[Round "9"]
[White "De Firmian, Nick E"]
[Black "Markowski, Tomasz"]
[Result "1-0"]
[WhiteElo "2605"]
[BlackElo "2530"]

1.e4 d6 2.d4 Nf6 3.Nc3 g6 4.f4 Bg7 5.Nf3 O-O 6.Bd3 Na6 7.O-O c5 8.d5 Rb8
9.Kh1 Bg4 10.Qe1 Nb4 11.Qh4 b5 12.a3 Nxd3 13.cxd3 a5 14.f5 b4 15.Ne2 bxa3
16.Rxa3 Rb4 17.fxg6 hxg6 18.Nf4 Bxf3 19.gxf3 Qb6 20.Rc3 c4 21.dxc4 Qa6 22.Qe1 Nd7
23.Rc2 Rc8 24.Qe2 a4 25.Nd3 Rb3 26.Bg5 Kf8 27.Rfc1 Nb6 28.e5 Rxd3 29.Qxd3 Bxe5
30.f4 Bg7 31.f5 gxf5 32.Qxf5 Rxc4 33.Rxc4 Nxc4 34.Qd3 Bxb2 35.Qxc4  1-0

[Event "Rubinstein mem"]
[Site "Polanica Zdroj"]
[Date "1995.??.??"]
[Round "10"]
[White "Kaminski, Marcin"]
[Black "De Firmian, Nick E"]
[Result "1-0"]
[WhiteElo "2495"]
[BlackElo "2605"]

1.e4 c5 2.Nf3 d6 3.d4 Nf6 4.Nc3 cxd4 5.Nxd4 a6 6.Be3 e5 7.Nb3 Be6 8.f4 exf4
9.Bxf4 Nc6 10.Qd2 Be7 11.O-O-O Ne5 12.Nd4 O-O 13.Nf5 Bxf5 14.exf5 Nh5 15.Be3 Ng4
16.Kb1 Nxe3 17.Qxe3 Bf6 18.g4 Re8 19.Qf3 Bxc3 20.Qxc3 Nf6 21.Qf3 Qb6 22.Bc4 Rac8
23.Bb3 Re3 24.Qg2 Ne4 25.g5 Rxb3 26.cxb3 Re8 27.g6 fxg6 28.fxg6 d5 29.gxh7+ Kh8
30.Rhg1 Qh6 31.Rxd5 Nf6 32.Rdd1 Qxh7+ 33.Ka1 Re7 34.Rd8+ Ne8 35.a3 Qh6 36.Ka2 a5
37.Qg5  1-0

[Event "Rubinstein mem"]
[Site "Polanica Zdroj"]
[Date "1995.??.??"]
[Round "11"]
[White "De Firmian, Nick E"]
[Black "Ehlvest, Jaan"]
[Result "1/2-1/2"]
[WhiteElo "2605"]
[BlackElo "2630"]

1.e4 c5 2.Nf3 d6 3.d4 cxd4 4.Nxd4 Nf6 5.Nc3 a6 6.Bc4 e6 7.O-O b5 8.Bb3 Bb7
9.Re1 Nbd7 10.Bg5 h6 11.Bxf6 Nxf6 12.Qd3 Nd7 13.Qh3 Nc5 14.Bd5 Qc7 15.Bxb7 Qxb7
16.b4 Na4 17.Nxa4 bxa4 18.Qa3 Qd7 19.Qg3 g6 20.Rad1 Bg7 21.Nf5 exf5 22.exf5+ Kf8
23.Qf3 Re8 24.f6 Kg8 25.Rxe8+ Qxe8 26.fxg7 Kxg7 27.h4 Qe6 28.h5 Rc8 29.hxg6 Rxc2
30.gxf7 Qxf7 31.Qg4+ Qg6 32.Qd4+ Qf6 33.Qa7+ Qf7 34.Qd4+ Qf6 35.Qxf6+ Kxf6
36.Rxd6+ Kg7 37.a3 Rc3 38.Rxa6 Rxa3 39.g3 Ra2 40.b5 Rb2 41.b6 a3 42.Kg2 a2
43.b7 Rxb7 44.Rxa2 Rb5 45.Kh3 Rh5+ 46.Kg4 Rg5+ 47.Kh4 Rb5 48.Ra7+ Kg6 49.Ra6+ Kg7
50.f4 Rc5 51.Kg4 Rb5 52.Re6 Ra5 53.f5 Ra1 54.Rg6+ Kh7 55.Rc6 Kg7 56.Kf4 Rf1+
57.Ke5 Re1+ 58.Kd5 h5 59.Re6 Rg1 60.Rg6+ Kf7 61.Ke5 h4 62.g4 h3 63.Rh6 Rxg4
64.Rh7+ Kg8 65.Rxh3 Ra4 66.Rh6  1/2-1/2

[Event "San Francisco"]
[Site "San Francisco"]
[Date "1995.??.??"]
[Round "1"]
[White "Xie Jun"]
[Black "De Firmian, Nick E"]
[Result "1/2-1/2"]
[WhiteElo "2515"]
[BlackElo "2590"]

1.e4 c5 2.Nf3 d6 3.d4 cxd4 4.Nxd4 Nf6 5.Nc3 a6 6.Be3 e5 7.Nf3 Be7 8.Bc4 O-O
9.O-O Be6 10.Bb3 b5 11.Qe2 h6 12.Ne1 Nbd7 13.Nd3 Qa5 14.a3 Rfc8 15.Qf3 Qd8
16.h3 Rab8 17.Nb4 Bxb3 18.cxb3 a5 19.Nbd5 b4 20.axb4 axb4 21.Nxf6+ Nxf6 22.Nd5 Nxd5
23.exd5 Bg5 24.Ra7 Rc7 25.Rxc7 Qxc7 26.Rc1 Qe7 27.Rc6 Bxe3 28.Qxe3 h5 29.Qe2 g6
30.Qc4 Kg7 31.Rc7 Qf6 32.Qa6 Rd8 33.Qb6 Ra8 34.Rc1 Ra2 35.Qxb4 Rxb2 36.Rf1 h4
37.Qc4 Rd2 38.b4 Rd4 39.Qb3 Qd8 40.Rd1 Rxd1+ 41.Qxd1 Qb6 42.Qd2 Qb5  1/2-1/2

[Event "San Francisco"]
[Site "San Francisco"]
[Date "1995.??.??"]
[Round "2"]
[White "De Firmian, Nick E"]
[Black "Browne, Walter S"]
[Result "1/2-1/2"]
[WhiteElo "2590"]
[BlackElo "2560"]

1.e4 c5 2.Nf3 d6 3.d4 cxd4 4.Nxd4 Nf6 5.Nc3 a6 6.Be3 e6 7.a4 b6 8.f3 Qc7
9.g4 h6 10.Bg2 Bb7 11.f4 Nc6 12.Qe2 Be7 13.Nb3 Nb4 14.O-O Rc8 15.h3 d5 16.e5 Ne4
17.Nxe4 dxe4 18.c3 Nd3 19.Nd2 Nxb2 20.Nxe4 Nc4 21.Bd4 O-O 22.f5 Bxe4 23.Bxe4 Nxe5
24.fxe6 Bc5 25.Kg2 Kh8 26.g5 fxe6 27.Qh5 Bxd4 28.cxd4 Nc4 29.Qg6 Ne3+ 30.Kh1 Nf5
31.gxh6 Ng3+ 32.Kg2 Nxe4 33.Qxe4 Qc2+ 34.Qxc2 Rxc2+ 35.Kg3 Rxf1 36.Rxf1 Rc4
37.Rf8+ Kh7 38.Rb8 Rxd4 39.Rxb6 Rxa4 40.hxg7 Kxg7 41.Rxe6 Kf7  1/2-1/2

[Event "San Francisco"]
[Site "San Francisco"]
[Date "1995.??.??"]
[Round "6"]
[White "Kortschnoj, Viktor"]
[Black "De Firmian, Nick E"]
[Result "1/2-1/2"]
[WhiteElo "2635"]
[BlackElo "2590"]

1.c4 c5 2.Nf3 Nc6 3.Nc3 e5 4.e3 Nf6 5.d4 cxd4 6.exd4 e4 7.Ng5 Bb4 8.d5 Ne5
9.Be2 O-O 10.O-O Bxc3 11.bxc3 d6 12.Qd4 Bf5 13.f3 exf3 14.Nxf3 Bg4 15.Bg5 Bxf3
16.Bxf3 h6 17.Bh4 Re8 18.Rab1 b6 19.Bd1 g5 20.Bg3 Rc8 21.Be2 Nfd7 22.h4 Kg7
23.Rf2 Qe7 24.Rbf1 Rf8 25.Qd2 Nc5 26.Qd4 Nd7 27.Bd3 Rce8 28.Qe4 Nxd3 29.Qxd3 Ne5
30.Bxe5+ Qxe5 31.hxg5 hxg5 32.Rf5 Qe3+ 33.Qxe3 Rxe3 34.Rxg5+ Kh6 35.Rgf5 Rxc3
36.Rxf7 Rxf7 37.Rxf7 Rxc4 38.Rxa7 Rd4 39.Ra6 Rxd5 40.Rxb6 Rd1+ 41.Kh2 Kg5
42.a4 d5 43.a5 d4 44.Kg3 Rd3+ 45.Kf2 Ra3 46.Ra6 Kf4  1/2-1/2

[Event "San Francisco"]
[Site "San Francisco"]
[Date "1995.??.??"]
[Round "8"]
[White "Waitzkin, Joshua"]
[Black "De Firmian, Nick E"]
[Result "0-1"]
[WhiteElo "2435"]
[BlackElo "2590"]

1.e4 c5 2.Nf3 e6 3.d4 cxd4 4.Nxd4 Nc6 5.Nb5 d6 6.c4 a6 7.N5c3 Nf6 8.Be2 Be7
9.O-O O-O 10.b3 b6 11.Bb2 Bb7 12.Re1 Qc7 13.Bf1 Rad8 14.Na3 Rfe8 15.Nc2 Ne5
16.h3 Qb8 17.Qd4 Ned7 18.Rad1 Bf8 19.g3 h6 20.Bg2 Ba8 21.Ne3 Nc5 22.Ng4 Nxg4
23.hxg4 b5 24.b4 Nd7 25.cxb5 axb5 26.Qd3 Bc6 27.f4 Nb6 28.Ba1 d5 29.exd5 Nxd5
30.Nxd5 Bxd5 31.Bxd5 Rxd5 32.Qe3 Red8 33.Rxd5 Rxd5 34.a3 Qd8 35.Qf2 Be7 36.Kh2 Qa8
37.Bb2 Qa4 38.f5 e5 39.Bxe5 Qxa3 40.Bxg7 Bxb4 41.Re3 Qa8 42.Bxh6 Bd2 43.Qe2 Bxe3
44.Qxe3 Kh7 45.Qc3 Qh8 46.Qc6 Qe5 47.Bf4 Qe2+ 48.Kh3 Qe4 49.Qh6+ Kg8 50.Qg5+ Kf8
51.Qh6+ Ke7 52.f6+ Ke6 53.g5 Rd1  0-1

[Event "San Francisco"]
[Site "San Francisco"]
[Date "1995.??.??"]
[Round "9"]
[White "De Firmian, Nick E"]
[Black "Gulko, Boris F"]
[Result "1-0"]
[WhiteElo "2590"]
[BlackElo "2595"]

1.e4 e6 2.d4 d5 3.Nc3 Bb4 4.e5 c5 5.a3 Bxc3+ 6.bxc3 Ne7 7.Nf3 b6 8.Bb5+ Bd7
9.Bd3 Ba4 10.O-O c4 11.Be2 h6 12.Ne1 Nbc6 13.g3 Kd7 14.Ng2 Qg8 15.Nf4 Qh7
16.Ra2 Kc7 17.Nh5 Raf8 18.Bg4 Kb7 19.Re1 Re8 20.Bh3 Rhf8 21.Re2 Qg6 22.Nf4 Qh7
23.Nh5 Qg6 24.Nf4 Qh7 25.Ra1 h5 26.Bg2 g5 27.Nh3 g4 28.Ng5 Qg6 29.f3 gxf3
30.Nxf3 f6 31.exf6 Rxf6 32.Bf4 Qf7 33.Rf2 Qf8 34.Nh4 Qf7 35.Bf3 Rxf4 36.gxf4 Rg8+
37.Ng2 Qxf4 38.Bxh5 Qh6 39.Bg4 Nc8 40.Qf3 Nd6 41.Re1 Nd8 42.Bxe6 Nxe6 43.Qxd5+ Bc6
44.Qxd6 Bxg2 45.Qd7+ Ka6 46.Rxg2 Qd2 47.Qc8+ Ka5 48.Re5+ b5 49.Rxg8 Qd1+
50.Kf2 Qxc2+ 51.Re2 Qf5+ 52.Kg1 Qb1+ 53.Kg2 Nf4+ 54.Kf3 Nxe2 55.Kxe2 Qc2+
56.Ke3 Qxc3+ 57.Ke4 Qd3+ 58.Kd5 Qf3+ 59.Kc5 Qxa3+ 60.Kc6 Qf3+ 61.d5 c3 62.Qc7+  1-0

[Event "San Francisco"]
[Site "San Francisco"]
[Date "1995.??.??"]
[Round "11"]
[White "De Firmian, Nick E"]
[Black "Ashley, Maurice"]
[Result "1/2-1/2"]
[WhiteElo "2590"]
[BlackElo "2460"]

1.e4 g6 2.d4 c6 3.f4 d5 4.e5 Na6 5.Nf3 h5 6.Be3 Nh6 7.Nbd2 Nc7 8.g3 Bf5 9.Bg2 Qd7
10.h3 Bg7 11.c3 Rc8 12.Qe2 b6 13.Nh4 Be6 14.Bf2 Rb8 15.b3 Nf5 16.Nhf3 Nh6
17.Nh4 Nf5 18.Nhf3 Nh6 19.Ng5 Bf5 20.Ndf3 Kd8 21.Nh4 f6 22.Nxf5 Qxf5 23.Nf3 Qe6
24.O-O-O Nf7 25.Rhe1 f5 26.Kb2 Kc8 27.c4 Rd8 28.cxd5 Nxd5 29.Nh4 Kb7 30.Rc1 Rbc8
31.Kb1 Rc7 32.Bf3 Bh6 33.Ng2 g5 34.Bxh5 gxf4 35.Nxf4 Bxf4 36.gxf4 Nxf4 37.Bxf7 Qxf7
38.Qf3 Nd5 39.e6 Qh7 40.Kb2 Rh8 41.h4  1/2-1/2

[Event "Rilton Cup 96/97"]
[Site "Stockholm"]
[Date "1996.12.??"]
[Round "9"]
[White "Hjartarson, Johann"]
[Black "De Firmian, Nick E"]
[Result "1-0"]
[WhiteElo "2565"]
[BlackElo "2575"]

1.e4 c5 2.Nf3 d6 3.d4 Nf6 4.Nc3 cxd4 5.Nxd4 a6 6.Be2 e5 7.Nb3 Be7 8.O-O O-O
9.Kh1 Be6 10.f4 Qc7 11.f5 Bc4 12.g4 d5 13.g5 Nxe4 14.Nxe4 dxe4 15.f6 Bb4
16.Bxc4 Qxc4 17.fxg7 Kxg7 18.Be3 Nc6 19.c3 Be7 20.Qg4 Rad8 21.Nd2 Qb5 22.Nxe4 Qxb2
23.Rfb1 Qc2 24.Rxb7 Rb8 25.Rc7 Rb2 26.Bg1 h5 27.gxh6+  1-0

[Event "Donner mem"]
[Site "Amsterdam"]
[Date "1996.??.??"]
[Round "1"]
[White "De Firmian, Nick E"]
[Black "Sokolov, Ivan"]
[Result "1-0"]
[WhiteElo "2575"]
[BlackElo "2670"]

1.e4 e5 2.Nf3 Nc6 3.Bb5 a6 4.Ba4 Nf6 5.O-O Be7 6.Re1 b5 7.Bb3 O-O 8.a4 d5
9.Bxd5 Nxd5 10.exd5 Nd4 11.Nxd4 exd4 12.axb5 Bb7 13.c4 dxc3 14.dxc3 axb5
15.Rxa8 Bxa8 16.Qd3 Bxd5 17.Qxb5 Bd6 18.Nd2 Qa8 19.f3 Qa7+ 20.Kh1 Qf2 21.Qe2 Qh4
22.Nf1 h6 23.Be3 Re8 24.Qd2 Qh5 25.Bf2 Rxe1 26.Qxe1 f5 27.Bg3 f4 28.Bf2 Qf5
29.Qd1 Bc4 30.Kg1 Bd3 31.Nd2 Kh7 32.h3 Qb5 33.b3 Qe5 34.Bd4 Bc5 35.Ne4 Bxd4+
36.cxd4 Qb5 37.Nc5 Bf5 38.Qe1 Bc2 39.Qc1 Qe2 40.Qxf4  1-0

[Event "Donner mem"]
[Site "Amsterdam"]
[Date "1996.??.??"]
[Round "2"]
[White "De Firmian, Nick E"]
[Black "Van Wely, Loek"]
[Result "0-1"]
[WhiteElo "2575"]
[BlackElo "2605"]

1.e4 c5 2.Nf3 d6 3.d4 cxd4 4.Nxd4 Nf6 5.Nc3 a6 6.Be3 e6 7.a4 b6 8.g3 Bb7
9.Bg2 Nbd7 10.O-O Rc8 11.Qe2 Qc7 12.Rad1 Qc4 13.Rfe1 Qxe2 14.Rxe2 Rc4 15.f3 Be7
16.Red2 O-O 17.Bf1 Rcc8 18.Na2 d5 19.exd5 Nxd5 20.Bf2 Ne5 21.c3 Bc5 22.Bg2 Nc4
23.Re2 e5 24.Nf5 g6 25.Nh6+ Kg7 26.Ng4 Rcd8 27.Rde1 f6 28.b3 Na5 29.Bxc5 bxc5
30.b4 Nc4 31.bxc5 a5 32.f4 exf4 33.gxf4 Rf7 34.Rf2 h5 35.Bxd5 Rxd5 36.Ne3 Nxe3
37.Rxe3 Rxc5 38.Nc1 Rc4 39.Nb3 Rxa4 40.Nc5 Ra1+ 41.Rf1 Rxf1+ 42.Kxf1 Bd5
43.Kf2 Rc7 44.Na6 Ra7 45.Nc5 a4 46.Re1 a3 47.Ra1 Rc7 48.Na4 a2 49.Ke3 Bb3  0-1

[Event "Donner mem"]
[Site "Amsterdam"]
[Date "1996.??.??"]
[Round "4"]
[White "De Firmian, Nick E"]
[Black "Ivanchuk, Vassily"]
[Result "1/2-1/2"]
[WhiteElo "2575"]
[BlackElo "2730"]

1.e4 c5 2.Nf3 d6 3.d4 cxd4 4.Nxd4 Nf6 5.Nc3 a6 6.Bc4 e6 7.O-O Be7 8.Bb3 O-O
9.f4 b5 10.e5 dxe5 11.fxe5 Nfd7 12.Be3 Nxe5 13.Qh5 Nc4 14.Bxc4 bxc4 15.Rad1 Qc7
16.Rf3 g6 17.Qh6 f6 18.Rdf1 e5 19.Rg3 Bd8 20.Nf3 Nc6 21.Bc5 Be7 22.Rxg6+ hxg6
23.Qxg6+ Kh8  1/2-1/2

[Event "Donner mem"]
[Site "Amsterdam"]
[Date "1996.??.??"]
[Round "6"]
[White "De Firmian, Nick E"]
[Black "Piket, Jeroen"]
[Result "1/2-1/2"]
[WhiteElo "2575"]
[BlackElo "2580"]

1.e4 e5 2.Nf3 Nc6 3.Bb5 a6 4.Ba4 Nf6 5.O-O Be7 6.Re1 b5 7.Bb3 d6 8.c3 O-O
9.h3 Na5 10.Bc2 c5 11.d4 Qc7 12.Nbd2 cxd4 13.cxd4 Bd7 14.Nf1 Rac8 15.Ne3 Nc6
16.d5 Nb4 17.Bb1 a5 18.a3 Na6 19.b4 Ra8 20.Bd2 Rfc8 21.g4 g6 22.Bd3 Qb7 23.Kg2 Bd8
24.Ng1 axb4 25.axb4 Nc7 26.Ne2 Rxa1 27.Qxa1 Ra8 28.Qc1 Nfe8 29.f4 exf4 30.Nxf4 Bf6
31.Bc3 Be5 32.Rf1 Qb6 33.Bxe5 dxe5 34.Ne2 Qd6 35.Qd2 Ra4 36.Nc2 Ra6 37.Qe3 f5
38.exf5 Nxd5 39.Qc5 Ndf6 40.Qxd6 Rxd6 41.Nc1 e4 42.Be2 gxf5 43.gxf5 Ng7 44.Ne3 Rd4
45.Na2 Kf8 46.Rd1 Rxd1 47.Bxd1 Nxf5 48.Nxf5 Bxf5 49.Nc3 Bd7 50.Be2 Ke7 51.Kg3 Kd6
52.Bxb5 Bxb5 53.Nxb5+ Kd5 54.Kf4 Kc4 55.Nd6+ Kd3 56.Nxe4 Nxe4  1/2-1/2

[Event "Donner mem"]
[Site "Amsterdam"]
[Date "1996.??.??"]
[Round "9"]
[White "Hodgson, Julian M"]
[Black "De Firmian, Nick E"]
[Result "1/2-1/2"]
[WhiteElo "2550"]
[BlackElo "2575"]

1.d4 Nf6 2.Bg5 e6 3.e4 h6 4.Bxf6 Qxf6 5.Nc3 Bb4 6.Qd2 c5 7.a3 Bxc3 8.bxc3 d6
9.Nf3 O-O 10.Be2 Nc6 11.O-O e5 12.dxc5 dxc5 13.Qe3 b6 14.Bc4 Bg4  1/2-1/2

[Event "Politiken Cup"]
[Site "Copenhagen"]
[Date "1996.??.??"]
[Round "9"]
[White "De Firmian, Nick E"]
[Black "Hillarp Persson, Tiger"]
[Result "0-1"]
[WhiteElo "2595"]
[BlackElo "2410"]

1.e4 g6 2.d4 Bg7 3.Nc3 d6 4.f4 a6 5.Nf3 b5 6.Bd3 Bb7 7.Qe2 Nd7 8.e5 c5 9.Ng5 cxd4
10.e6 f5 11.exd7+ Qxd7 12.Nd1 e5 13.fxe5 dxe5 14.a4 h6 15.Nf3 e4 16.axb5 Ne7
17.bxa6 Bc6 18.Bc4 exf3 19.gxf3 Bd5 20.Bxd5 Qxd5 21.Nf2 O-O 22.O-O Nc6 23.Nd3 Rfe8
24.Qg2 Kh7 25.Qxg6+ Kxg6 26.Nf4+ Kf7 27.Nxd5 Re2 28.Rf2 Re1+ 29.Rf1 Re2 30.Rf2 Re1+
31.Kg2 d3 32.cxd3 Bd4 33.Rc2 Rg8+ 34.Kh3 Rf1 35.Rg2 Rxf3+ 36.Rg3 Rgxg3+ 37.hxg3 Rf1
38.Nc3 Ne5 39.a7 Rh1+ 40.Kg2 Rg1+ 41.Kh3 Rh1+ 42.Kg2 Rg1+ 43.Kh2 Nf3+ 44.Kh3 Rh1+
45.Kg2 Rh2+  0-1

[Event "Politiken Cup"]
[Site "Copenhagen"]
[Date "1996.??.??"]
[Round "10"]
[White "Jakobsen, Ole"]
[Black "De Firmian, Nick E"]
[Result "0-1"]
[WhiteElo "2390"]
[BlackElo "2595"]

1.d4 Nf6 2.c4 e6 3.Nf3 c5 4.d5 exd5 5.cxd5 d6 6.Nc3 g6 7.h3 a6 8.a4 Qe7 9.Bg5 Bg7
10.e3 Nbd7 11.Bd3 h6 12.Bh4 O-O 13.O-O Re8 14.a5 Qf8 15.Nd2 Ne5 16.Bc2 g5
17.Bg3 Bd7 18.f4 gxf4 19.exf4 Ng6 20.Qf3 Bb5 21.Rfe1 Rxe1+ 22.Rxe1 Re8 23.Ra1 Qe7
24.Nxb5 axb5 25.Re1 Qd8 26.Rxe8+ Nxe8 27.Bxg6 fxg6 28.Qe4 Bd4+ 29.Kh2 Kg7
30.Nf3 Bf6 31.b4 Qe7 32.Qb1 c4 33.Bf2 Nc7 34.Bd4 Nxd5 35.Nh4 Nxf4  0-1

[Event "New York CITS"]
[Site "New York"]
[Date "1996.??.??"]
[Round "1"]
[White "De Firmian, Nick E"]
[Black "Serper, Grigory"]
[Result "1/2-1/2"]
[WhiteElo "2595"]
[BlackElo "2540"]

1.e4 c5 2.Nf3 d6 3.d4 cxd4 4.Nxd4 Nf6 5.Nc3 Nc6 6.Bc4 e6 7.Be3 a6 8.Bb3 Qc7
9.O-O b5 10.f4 b4 11.Na4 Rb8 12.c3 Na5 13.cxb4 Nxb3 14.Qxb3 Qb7 15.e5 dxe5
16.fxe5 Ng4 17.a3 Qe4 18.Rae1 Bb7 19.Nf3 Nxe5 20.Nc5 Bxc5 21.Bxc5 Nxf3+ 22.gxf3 Qd5
23.Qc2 Rd8 24.Qg2 Qf5 25.Qxg7 Qg6+ 26.Qxg6 hxg6 27.Rd1 Rxd1 28.Rxd1 Bxf3
29.Rd6 Be2 30.Rb6 Rh5 31.Rb8+ Kd7 32.Rb7+ Kc6 33.Rxf7 Rg5+ 34.Kf2 Bc4 35.Ke3 Rg2
36.Rf2 Rxf2 37.Kxf2 a5 38.Ke3 a4 39.Kd4 Bb3 40.h4 Bc2 41.Ke5 Bf5 42.Bd4 Kb5
43.Kd6 Bg4 44.Bf6 Bh3 45.Ke5 Kc4 46.Ke4 Bf5+ 47.Ke3 Bc2 48.Kd2  1/2-1/2

[Event "New York CITS"]
[Site "New York"]
[Date "1996.??.??"]
[Round "2"]
[White "Ashley, Maurice"]
[Black "De Firmian, Nick E"]
[Result "0-1"]
[WhiteElo "2460"]
[BlackElo "2595"]

1.d4 Nf6 2.c4 c5 3.e3 e6 4.Nf3 d5 5.Nc3 Nc6 6.cxd5 exd5 7.Bb5 Bd6 8.dxc5 Bxc5
9.O-O O-O 10.b3 Bg4 11.Bb2 a6 12.Bxc6 bxc6 13.Rc1 Bd6 14.Ne2 Bxf3 15.gxf3 Rc8
16.Kh1 Re8 17.Rg1 g6 18.Qd2 Bf8 19.b4 a5 20.a3 axb4 21.axb4 Bg7 22.Rc2 Qd7
23.Rgc1 Nh5 24.Bxg7 Nxg7 25.Nd4 Qh3 26.Qd1 Nf5 27.Nxf5 Qxf5 28.Rxc6 Rxc6
29.Rxc6 Rb8 30.Qd4 Qxf3+ 31.Kg1 Qf5 32.Rd6 Qg5+ 33.Kf1 Qh5 34.Rxd5 Qxh2 35.Rd8+ Rxd8
36.Qxd8+ Kg7 37.Qd4+ Kg8 38.Qd8+ Kg7 39.Qd4+ Kg8 40.Qd5 Qh3+ 41.Ke1 Qg4 42.b5 Qb4+
43.Ke2 h5 44.f4 Qb2+ 45.Kf3 Qb1 46.Qd8+ Kh7 47.b6 Qh1+ 48.Ke2 h4 49.Qd7 Qg2+
50.Kd3 Qf1+ 51.Kc3 Qc1+ 52.Kb4 Qb2+ 53.Kc5 Qc3+ 54.Kb5 Qb2+ 55.Ka6 Qa3+ 56.Kb7 Kg7
57.Qd4+ f6 58.Qd7+ Kh6 59.Qd8 Kg7 60.Qd7+ Kh6 61.Qd8 Kg7 62.Kb8 Qxe3 63.b7 h3
64.Qd7+ Kh6 65.Kc8 h2 66.b8=Q h1=Q 67.Kd8 Qhe4 68.f5 Qxf5 69.Qh2+ Qh5 70.Qhc7 Qhe5
71.Qb7 Q5e4 72.Qbc7 Qa8+ 73.Qdc8 Qd5+ 74.Q7d7 Qg8+ 75.Kc7 Qc5+  0-1

[Event "New York CITS"]
[Site "New York"]
[Date "1996.??.??"]
[Round "5"]
[White "De Firmian, Nick E"]
[Black "Adams, Michael"]
[Result "0-1"]
[WhiteElo "2595"]
[BlackElo "2660"]

1.e4 e5 2.Nf3 Nc6 3.Bb5 a6 4.Ba4 Nf6 5.O-O Be7 6.Re1 b5 7.Bb3 O-O 8.c3 d5
9.exd5 Nxd5 10.Nxe5 Nxe5 11.Rxe5 c6 12.d4 Bd6 13.Re2 Qh4 14.g3 Qh3 15.Nd2 Bf5
16.a4 Rae8 17.Rxe8 Rxe8 18.Nf1 h5 19.axb5 axb5 20.Ra6 Nc7 21.Ra7 h4 22.Ne3 hxg3
23.fxg3 Bxg3 24.hxg3 Rxe3 25.Bxe3 Qxg3+ 26.Kf1 Bh3+ 27.Ke2 Bg4+ 28.Kd2 Bxd1
29.Bxd1 Nd5 30.Ra8+ Kh7 31.Re8 f5 32.Ke2 Qh2+ 33.Kd3 Qxb2  0-1

[Event "New York CITS"]
[Site "New York"]
[Date "1996.??.??"]
[Round "6"]
[White "Sokolov, Ivan"]
[Black "De Firmian, Nick E"]
[Result "1/2-1/2"]
[WhiteElo "2665"]
[BlackElo "2595"]

1.d4 Nf6 2.c4 e6 3.Nc3 Bb4 4.Qc2 O-O 5.a3 Bxc3+ 6.Qxc3 Ne4 7.Qc2 f5 8.Nh3 Nc6
9.e3 d6 10.f3 Nf6 11.Nf2 e5 12.d5 Ne7 13.Be2 a5 14.b3 Bd7 15.O-O Ng6 16.Bd2 Qe7
17.Rae1 b6 18.Nh1 Rae8 19.Ng3 f4 20.exf4 Nxf4 21.Bd3 Nxd3 22.Qxd3 Qf7 23.f4 exf4  1/2-1/2

[Event "New York CITS"]
[Site "New York"]
[Date "1996.??.??"]
[Round "7"]
[White "De Firmian, Nick E"]
[Black "Waitzkin, Joshua"]
[Result "1-0"]
[WhiteElo "2595"]
[BlackElo "2435"]

1.e4 d5 2.exd5 Qxd5 3.d4 Nc6 4.Nf3 Bg4 5.Be2 O-O-O 6.c4 Qf5 7.Be3 Nf6 8.Nbd2 e5
9.d5 Nb4 10.Rc1 Nxa2 11.Ra1 Nb4 12.O-O a6 13.h3 Bxf3 14.Nxf3 Bd6 15.Ra4 c5
16.Rxb4 cxb4 17.c5 Bb8 18.d6 Ba7 19.Qb3 e4 20.Ng5 Kb8 21.Nxf7 Bxc5 22.g4 Qc8
23.Rc1 b6 24.Nxh8 Rxh8 25.Qa4 Qd7 26.Qxa6 Bxe3 27.Rc7 Bxf2+ 28.Kxf2 e3+ 29.Kg2  1-0

[Event "New York CITS"]
[Site "New York"]
[Date "1996.??.??"]
[Round "8"]
[White "Wolff, Patrick G"]
[Black "De Firmian, Nick E"]
[Result "1-0"]
[WhiteElo "2565"]
[BlackElo "2595"]

1.e4 Nf6 2.e5 Nd5 3.d4 d6 4.Nf3 dxe5 5.Nxe5 g6 6.g3 Nd7 7.Bg2 Nxe5 8.dxe5 c6
9.O-O Bg7 10.Qe2 Be6 11.b3 Qc8 12.Bb2 Bh3 13.Nd2 Bxg2 14.Kxg2 O-O 15.c4 Nc7
16.Ne4 Qf5 17.f4 Ne6 18.Qf3 h5 19.h3 Bh6 20.Rae1 Rad8 21.Rf2 h4 22.g4 Nxf4+
23.Kh2 Qe6 24.Nc5 Qc8 25.Bc1 b6 26.Ne4 Rd3 27.Re3 Nxh3 28.Kxh3 Bxe3 29.Bxe3 Qe6
30.Qf4 f5 31.Kxh4 Rxe3 32.Qxe3 fxe4 33.Rxf8+ Kxf8 34.Qxe4 Kg7 35.Kg5 c5 36.a3 a6
37.a4 Kf7 38.Qe3 Kg7 39.a5 Qc6 40.axb6 Qxb6 41.Qh3 Kg8 42.Qd3 Kf7 43.Qd5+ Kf8
44.e6  1-0

[Event "New York CITS"]
[Site "New York"]
[Date "1996.??.??"]
[Round "10"]
[White "Dzindzichashvili, Roman"]
[Black "De Firmian, Nick E"]
[Result "1/2-1/2"]
[WhiteElo "2545"]
[BlackElo "2595"]

1.d4 Nf6 2.c4 e6 3.Nc3 Bb4 4.e3 b6 5.Bd3 Bb7 6.Ne2 Bxg2 7.Rg1 Be4 8.a3 Bxc3+
9.Nxc3 Bxd3 10.Qxd3 Nh5 11.e4 Nc6 12.Be3 d6 13.O-O-O Ne7 14.c5 g6 15.cxd6 cxd6
16.Kb1 d5 17.f3 Qd7 18.Ne2 f5 19.e5 h6 20.h4 Kf7 21.Qd2 Kg7 22.Nf4 Nxf4 23.Bxf4 h5
24.Bg5 Rhg8 25.Bf6+ Kh7 26.Qb4 Nc6 27.Qd6 Rad8 28.Bxd8 Qxd6 29.exd6 Rxd8
30.f4 Rxd6 31.Rg3 Kg7 32.Rdg1 Ne7 33.Kc2 Kf7 34.Rc3 Ke8 35.b4 a6 36.Kd3 Kd8
37.Rgc1 Rd7 38.a4 Ra7 39.R3c2 Rd7 40.Re2 Rd6 41.b5 a5 42.Rce1 Kd7 43.Re3 Ng8
44.Rg3 Ne7 45.Reg1 Ke8 46.R1g2 Rd7 47.Rxg6 Nxg6 48.Rxg6 Ke7 49.Rh6 Rc7 50.Rxh5 Rc4
51.Rh7+ Kf6 52.Rb7 Rxa4 53.Rxb6 Rb4 54.h5 a4 55.h6 Kg6 56.Rxe6+ Kh7 57.Ra6 Rxb5
58.Rxa4 Kxh6 59.Ra8  1/2-1/2

[Event "Rilton Cup 96/97"]
[Site "Stockholm"]
[Date "1996.??.??"]
[Round "2"]
[White "De Firmian, Nick E"]
[Black "Nieminen, Kari"]
[Result "1-0"]
[WhiteElo "2575"]
[BlackElo "2215"]

1.e4 c5 2.Nf3 Nc6 3.d4 cxd4 4.Nxd4 Qc7 5.Nc3 e6 6.g3 a6 7.Bg2 Nf6 8.O-O Bc5
9.Bf4 e5 10.Nb3 Bb4 11.Bd2 h6 12.Nd5 Nxd5 13.exd5 Bxd2 14.Qxd2 Nd8 15.d6 Qb6
16.Rfe1 f6 17.c4 O-O 18.c5 Qa7 19.Qd3 Ne6 20.Rac1 Rb8 21.Bd5 Rd8 22.h4 Kh8
23.Qg6 b6 24.Qf7 Nxc5 25.Nxc5 bxc5 26.Be4 Bb7 27.Bf5 Qa8 28.Qg6 Kg8 29.Re4 Bxe4
30.Bxe4 Qa7 31.Qh7+ Kf8 32.Bd5  1-0

[Event "Rilton Cup 96/97"]
[Site "Stockholm"]
[Date "1996.??.??"]
[Round "5"]
[White "Astrom, Goran"]
[Black "De Firmian, Nick E"]
[Result "0-1"]
[WhiteElo "2300"]
[BlackElo "2575"]

1.e4 c5 2.Nf3 d6 3.d4 cxd4 4.Nxd4 Nf6 5.Nc3 a6 6.Be2 e5 7.Nb3 Be7 8.O-O O-O
9.Be3 Be6 10.Qd2 Nbd7 11.Rfd1 Rc8 12.a4 Nb6 13.a5 Nc4 14.Bxc4 Rxc4 15.f3 Qc7
16.Rac1 Rc8 17.Nd5 Bxd5 18.exd5 Rxc2 19.Qd3 Qc4 20.Qxc4 R8xc4 21.Rb1 Rb4  0-1

[Event "Rilton Cup 96/97"]
[Site "Stockholm"]
[Date "1996.??.??"]
[Round "6"]
[White "De Firmian, Nick E"]
[Black "Antonsen, Mikkel"]
[Result "1-0"]
[WhiteElo "2575"]
[BlackElo "2410"]

1.e4 e6 2.d4 d5 3.Nc3 Bb4 4.e5 c5 5.a3 Bxc3+ 6.bxc3 Ne7 7.Nf3 b6 8.Bb5+ Bd7
9.Bd3 h6 10.O-O Ba4 11.Re1 Qc7 12.dxc5 bxc5 13.c4 Nd7 14.cxd5 Nxd5 15.Qe2 c4
16.Bxc4 Nc3 17.Qd3 Nb6 18.Nd2 Rc8 19.Qxc3 Nxc4 20.Qg3 Kf8 21.Nb3 Kg8 22.Bf4 Nb6
23.Rac1 Qc3 24.Be3 Nd5 25.Nd2 Nxe3 26.Ne4 Qd4 27.Nf6+ Kf8 28.fxe3 Qb2 29.Rb1 Qxc2
30.Rb4 gxf6 31.exf6 Rh7 32.Rg4 Ke8 33.Qd6  1-0